| 000 | 01717nam0a2200385 i 4500 | ||
|---|---|---|---|
| 001 | RU\NLR\BIBL_A\011575334 | ||
| 005 | 20241213130704.0 | ||
| 010 |
_a978-5-91121-168-4 _91000 |
||
| 021 |
_aRU _b2017-94066 _96746 |
||
| 035 | _a(RuMoRGB)009479200 | ||
| 035 | _a(NLR Aleph) 011575334 | ||
| 090 |
_a10819673 _c10819673 |
||
| 100 | _a20171227d2016 um y0rusy50 ca | ||
| 101 | 1 |
_abua _cbua _arus |
|
| 102 | _aRU | ||
| 105 | _aa|||z|||000ay | ||
| 200 | 1 |
_aНаран хаана хонодог бэ? _dГде ночует солнце? _eхоёр хэлэн дээрэ аяншалга _fДарима Самбуева-Башкуева _g[литературный перевод с бурятского: Геннадий Башкуев] _gхудожник Ирина Чемезова _zrus |
|
| 210 |
_aУлан-Удэ _cНоваПринт _d2016 |
||
| 215 |
_a63 с. _cцв. ил. _d24 |
||
| 300 | _aТекст парал. бурят., рус. | ||
| 333 | _a6+ | ||
| 510 | 1 |
_6z73790 _aГде ночует солнце? _zrus |
|
| 686 |
_aШ9(2)6=Бу70-471 _2rubbk |
||
| 686 | 0 | _aШ9(2)60=Бу7-4 | |
| 700 | 1 |
_7ca _8rus _aСамбуева-Башкуева _bД. Г. _f1951- _gДарима Гармаевна _9183660 _3RU\NLR\AUTH\770183711 |
|
| 702 | 1 |
_aБашкуев _bГ. Т. _f1954- _gГеннадий Тарасович _4730 |
|
| 702 | 1 |
_aЧемезова _bИ. _gИрина _4040 |
|
| 790 | 1 |
_7ca _8rus _aСамбуева-Башкуева _bД. Г. _f1951- _gДарима Гармаевна _9183660 _3RU\NLR\AUTH\770183711 |
|
| 852 |
_aNLR _bОНЛ _jБур./3-1767 |
||
| 942 | _cBOOK | ||
| 980 | _aNBR | ||